Normal view
MARC view
- Topley, Kim
Entry Personal Name
001 - CONTROL NUMBER
- control field: 80596
003 - CONTROL NUMBER IDENTIFIER
- control field: NUST
005 - DATE AND TIME OF LATEST TRANSACTION
- control field: 20210628210709.0
008 - FIXED-LENGTH DATA ELEMENTS
- fixed length control field: 210628|| aca||aabn | a|a d
040 ## - CATALOGING SOURCE
- Original cataloging agency: NUST
- Transcribing agency: NUST
100 ## - HEADING--PERSONAL NAME
- Personal name: Topley, Kim
670 ## - SOURCE DATA FOUND
- Source citation: Work cat.: (NUST): Topley, Kim, Core java, foundation classes, 1998
